Shekhawati, havelis of the merchant princes / (Record no. 94769)

MARC details
000 -LEADER
fixed length control field 00923nam a22002297a 4500
005 - DATE AND TIME OF LATEST TRANSACTION
control field 20150819105844.0
010 ## - LCCN (DPL NO)
LC control number ENG-113415
020 ## - INTERNATIONAL STANDARD BOOK NUMBER
International Standard Book Number 8192110680
Terms of availability 2800.00
020 ## - INTERNATIONAL STANDARD BOOK NUMBER
International Standard Book Number 9788192110684
Terms of availability 2800.00
035 ## - SYSTEM CONTROL NUMBER
System control number EN-96947
037 ## - SOURCE OF ACQUISITION
Source of stock number/acquisition DBAD/PUB
082 ## - DEWEY DECIMAL CLASSIFICATION NUMBER
Classification number 720.28809544
245 ## - TITLE STATEMENT
Title Shekhawati, havelis of the merchant princes /
Statement of responsibility, etc edited by Abha Narain Lambah
260 ## - PUBLICATION, DISTRIBUTION, ETC. (IMPRINT)
Place of publication, distribution, etc Mumbai
Name of publisher, distributor, etc The Marg Foundation
Date of publication, distribution, etc 2013
270 ## - ADDRESS
Address Army & Navy Building, 3rd Floor, 148, M.G. Road,
City Mumbai
Postal code 400001
300 ## - PHYSICAL DESCRIPTION
Extent 111p. :
Dimensions 32cm(Hb)
Other physical details col.ill.
500 ## - GENERAL NOTE
General note "Vol. 65, No. 1, September 2013"--T.p. verso; simultaneously issued in serial format as an issue of Mārg.
500 ## - GENERAL NOTE
General note Includes bibliographical references and index.
520 ## - SUMMARY, ETC.
Summary, etc Contributed articles on the architectural splendour of havelis in Shekhawati, India.
700 ## - ADDED ENTRY--PERSONAL NAME
Personal name Lambah, Abha Narain
942 ## - ADDED ENTRY ELEMENTS (KOHA)
Source of classification or shelving scheme Dewey Decimal Classification
Item type English Books
Call number suffix SHE
Classification part 720.28809544
Holdings
Withdrawn status Lost status Not for loan Collection code Home library Current library Date acquired Source of acquisition Cost, normal purchase price Full call number Barcode Copy number Cost, replacement price Koha item type
    Not For Loan Non-fiction D.B.Act.Division D.B.Act.Division 09/07/2015 DBAD/PUB 2800.00 720.28809544 SHE EN-96947 1 2800.00 English Books

© Delhi Public Library
Hit Counter
free hit counter